000 00658nam a2200217Ia 4500
003 OSt
005 20251008110521.0
008 210716s2004 xx 000 0 und d
020 _a8177224816
040 _cAIMIT LIBRARY
041 _aeng
082 _a005.756
_21
_bOPPA
100 _aOppel, Andrew J.
_9241719
245 _aRelational databases:
_bPrinciples and fundamentals /
_cBy David Salomon.
250 _a1
260 _aNew Delhi
_bDreamtech Press
_c2004
300 _axiv,338P.;
_bHB
_c25 cm.
650 _aForms based database queries
_9241720
650 _aConnecting databases to the outside world
_9241721
942 _2ddc
_cBK
_k005.756 OPPA
999 _c186932
_d186932